| 000 | 01173cam a2200205 4500 | ||
|---|---|---|---|
| 008 | 040427n2004 000 0 eng u | ||
| 020 | _a0110908929 | ||
| 035 | _a(Sirsi) u126026 | ||
| 041 | _aeng | ||
| 245 | 4 | _aThe Leasehold Valuation Tribunals (Service Charges, Insurance or Appointment of Managers Applications) (Revocation and Saving) (Wales) Order 2004 | |
| 260 |
_aLondon _bHMSO _c2004 |
||
| 490 |
_aSI _v2004: 677 |
||
| 520 | _aCame into force 31 March 2004. Advises on what information has to be included applications made to a Leasehold Valuation Tribunal on or after 31 March 2004. Revokes Leasehold Valuation Tribunals (Service Charges, Insurance or Appointment of Managers Applications) Order 1997. View at www.legislation.hmso.gov.uk. | ||
| 650 | _aWALES | ||
| 650 | _aLEASEHOLD VALUATION TRIBUNALS (SERVICE CHARGES, INSURANCE OR APPOINTMENT OF MANAGERS APPLICATIONS) (REVOCATION AND SAVING) (WALES) ORDER 2004 | ||
| 650 | _aLEASEHOLD VALUATION TRIBUNALS | ||
| 690 | _aLANDLORD AND TENANT-LEASEHOLD REFORM | ||
| 856 |
_uhttps://www.legislation.hmso.gov.uk/legislation/wales/wsi2004/20040677e.htm _zView the Order on the HMSO website... |
||
| 942 | _n0 | ||
| 999 |
_c103553 _d103553 |
||